The american voter: an abridgment
Збережено в:
| Автори: | , , , |
|---|---|
| Формат: | Книга |
| Мова: | Англійська |
| Опубліковано: |
Nueva York
John Wiley
1964
|
| Предмети: | |
| Теги: |
Додати тег
Немає тегів, Будьте першим, хто поставить тег для цього запису!
|
MARC
| LEADER | 00000nam a2200000 a 4500 | ||
|---|---|---|---|
| 001 | UCT7173 | ||
| 003 | CL-VaPUC | ||
| 008 | 970116e19640000US |||||||||||||||||eng|d | ||
| 082 | 0 | 4 | |a 324.973 |b CAM |2 21 |
| 100 | 0 | |a Campbell, Angus |e author |9 377965 | |
| 700 | 0 | |a Converse, Philip E |e author |9 377966 | |
| 700 | 0 | |a Miller, Warren E |e author |9 377967 | |
| 700 | 0 | |a Stokes, Donald E |e author |9 377968 | |
| 245 | 1 | 4 | |a The american voter: an abridgment |
| 300 | |a 302 p | ||
| 942 | |c BK | ||
| 945 | |d 19970116 00:00:00 |a paguirre | ||
| 260 | |a Nueva York |b John Wiley |c 1964 | ||
| 650 | 0 | |a Representación política |9 362081 | |
| 650 | 0 | |a Elecciones |9 254997 | |
| 650 | 0 | |a Votación |9 376129 | |
| 650 | 0 | |a Sistemas electorales |9 326307 | |
| 650 | 0 | |a Democracia |9 255256 | |
| 650 | 0 | |a Partidos políticos |9 254999 | |
| 650 | 7 | |a COMPORTAMIENTO POLITICO |2 CL-VaPUC |9 335468 | |
| 651 | 0 | |a Estados Unidos |9 255178 | |
| 583 | |a last modification |c 19970116 00:00:00 |k Rodrigo Vera | ||
| 999 | |c 255832 |d 255830 | ||
| 952 | |0 0 |1 0 |4 0 |6 324_973000000000000_CAM_1964 |7 0 |8 A |9 278275 |a BIBDER |b BIBDER |d 2019-11-19 |i 1807099 |o 324.973 CAM 1964 |p 1807099 |r 2023-01-25 |w 2019-11-19 |y BK |k DER | ||